书目信息 |
| 题名: |
黄埔军校
|
|
| 作者: | 韩淑芳 主编 | |
| 分册: | ||
| 出版信息: | 北京 中国文史出版社 2017 |
|
| 页数: | 235页 | |
| 开本: | 24cm | |
| 丛书名: | ||
| 单 册: | ||
| 中图分类: | E296.9 | |
| 科图分类: | ||
| 主题词: | 军事院校--校史--中国--民国 | |
| 电子资源: | ||
| ISBN: | 978-7-5034-9215-0 | |
| 000 | 00956nam0 2200253 450 | |
| 001 | 1857 | |
| 005 | 20180522151223.52 | |
| 010 | @a978-7-5034-9215-0@dCNY35.00 | |
| 100 | @a20170802d2017 em y0chiy50 ea | |
| 101 | 0 | @achi |
| 102 | @aCN@b110000 | |
| 105 | @aa z 000yy | |
| 200 | 1 | @a黄埔军校@9huang pu jun xiao@f本社编@Fben she bian |
| 210 | @a北京@c中国文史出版社@d2017 | |
| 215 | @a235页@c图,照片@d24cm | |
| 300 | @a民国趣读/韩淑芳主编 | |
| 314 | @a主编:韩淑芳 | |
| 330 | @a本书是追忆当年黄埔军校的文字集纳。作者皆为民国之大家和抗日名将,如郑庭笈、宋希濂、方鼎英、胡兰畦、何香凝、李奇中、包惠僧等,这些民国大家及名将讲述了民国期间黄埔军校的课堂趣闻、名师风采、社团活动……片段小文、三言两语,生动鲜活地再现了黄埔军校校园里那些逝去的过往。 | |
| 601 | 02 | @a黄埔军校@x校史 |
| 606 | 0 | @a军事院校@x校史@y中国@z民国 |
| 690 | @aE296.9@v5 | |
| 701 | 0 | @a韩淑芳@9han shu fang@4主编 |
| 801 | 0 | @aCN@b91MARC@c20170802 |
| 905 | @aMuseLib@dE296.9@e87 | |
| 黄埔军校/本社编.-北京:中国文史出版社,2017 |
| 235页:图,照片;24cm |
| 民国趣读/韩淑芳主编 |
| ISBN 978-7-5034-9215-0:CNY35.00 |
| 本书是追忆当年黄埔军校的文字集纳。作者皆为民国之大家和抗日名将,如郑庭笈、宋希濂、方鼎英、胡兰畦、何香凝、李奇中、包惠僧等,这些民国大家及名将讲述了民国期间黄埔军校的课堂趣闻、名师风采、社团活动……片段小文、三言两语,生动鲜活地再现了黄埔军校校园里那些逝去的过往。 |
| ● |
| 相关链接 |
|
|
|
|
正题名:黄埔军校
索取号:E296.9/87
 
预约/预借
| 序号 | 登录号 | 条形码 | 馆藏地/架位号 | 状态 | 备注 |
| 1 | 1106949 | 211069494 | 第一样本阅览室/ [索取号:E296.9/87] | 在馆 | |
| 2 | 1106950 | 211069500 | 教育系资料室/ [索取号:E296.9/87] | 在馆 | |
| 3 | 1106951 | 211069519 | 教育系资料室/ [索取号:E296.9/87] | 在馆 | |
| 4 | 1106952 | 211069528 | 第一借阅区/ [索取号:E296.9/87] | 在馆 |